000 00344nam a22001697a 4500
003 UA-OsUOA
001 5923
007 ta
008 20050721b un ||||| |||| 00| 0 ukr d
100 _aStuart
700 _aGene S.
942 _cBK
040 _aUA-OsUOA
_cUA-OsUOA
_dUA-OsUOA
245 _aThe Mighty Aztecs.
955 _a2
650 7 _2UDC
999 _c292085
_d292085